|
|
|
|
| LEADER |
00000cas a2200000 c 4500 |
| 001 |
130221686 |
| 003 |
DE-627 |
| 005 |
20260207123414.0 |
| 007 |
tu |
| 008 |
931116d19762000gw z| m| 0 |0ger c |
| 016 |
7 |
|
|a 012912689
|2 DE-101
|
| 016 |
7 |
|
|a 538333-X
|2 DE-600
|
| 022 |
|
|
|a 0177-8544
|
| 035 |
|
|
|a (DE-627)130221686
|
| 035 |
|
|
|a (DE-576)015767515
|
| 035 |
|
|
|a (DE-599)ZDB538333-X
|
| 035 |
|
|
|a (OCoLC)1184804003
|
| 040 |
|
|
|a DE-627
|b ger
|c DE-627
|e rakwb
|
| 041 |
|
|
|a ger
|
| 044 |
|
|
|c XA-DE
|
| 082 |
0 |
4 |
|a 370
|q DE-101
|
| 082 |
0 |
4 |
|a 370
|q DE-600
|
| 222 |
|
0 |
|a Studien und Dokumentationen zur vergleichenden Bildungsforschung
|
| 245 |
0 |
0 |
|a Studien und Dokumentationen zur vergleichenden Bildungsforschung
|c Hrsg. Deutsches Institut für Internationale Pädagogische Forschung, Abteilung Allgemeine und Vergleichende Erziehungswissenschaft
|
| 264 |
3 |
1 |
|a Weinheim [u.a.]
|b Beltz
|c 1976-2000
|
| 336 |
|
|
|a Text
|b txt
|2 rdacontent
|
| 337 |
|
|
|a ohne Hilfsmittel zu benutzen
|b n
|2 rdamedia
|
| 338 |
|
|
|a Band
|b nc
|2 rdacarrier
|
| 362 |
0 |
|
|a 1.1976-85 [?]
|
| 363 |
0 |
0 |
|a 1
|i 1976
|
| 363 |
1 |
0 |
|a 85
|i 2000
|
| 591 |
|
|
|a G/GGC
|
| 655 |
|
7 |
|a Monografische Reihe
|0 (DE-588)4179998-7
|0 (DE-627)104628669
|0 (DE-576)209995106
|2 gnd-content
|
| 710 |
2 |
|
|a Deutsches Institut für Internationale Pädagogische Forschung
|b Abteilung Allgemeine und Vergleichende Erziehungswissenschaft
|e Herausgebendes Organ
|0 (DE-588)2041396-8
|0 (DE-627)102745072
|0 (DE-576)191913421
|4 isb
|
| 889 |
|
|
|w (DE-603)009797181
|
| 889 |
|
|
|w (DE-627)1876696303
|
| 935 |
|
|
|a mteo
|
| 935 |
|
|
|i sdedup20220930
|
| 936 |
s |
n |
|a d100
|2 mzub
|
| 951 |
|
|
|a ST
|
| ELC |
|
|
|b 1
|
| LOK |
|
|
|0 000 xxxxxcx a22 zn 4500
|
| LOK |
|
|
|0 001 2481558626
|
| LOK |
|
|
|0 003 DE-627
|
| LOK |
|
|
|0 004 130221686
|
| LOK |
|
|
|0 005 20010516000000
|
| LOK |
|
|
|0 008 871221||||||||||||||||ger|||||||
|
| LOK |
|
|
|0 040
|a DE-21
|c DE-627
|d DE-21
|
| LOK |
|
|
|0 852
|a DE-21
|
| LOK |
|
|
|0 852 1
|9 00
|
| LOK |
|
|
|0 866
|x NAK
|
| LOK |
|
|
|0 935
|a konv
|
| LOK |
|
|
|0 939
|a 21-12-87
|b l01
|
| LOK |
|
|
|0 000 xxxxxcx a22 zn 4500
|
| LOK |
|
|
|0 001 2481558634
|
| LOK |
|
|
|0 003 DE-627
|
| LOK |
|
|
|0 004 130221686
|
| LOK |
|
|
|0 005 20010517000000
|
| LOK |
|
|
|0 008 920707||||||||||||||||ger|||||||
|
| LOK |
|
|
|0 040
|a DE-21-31
|c DE-627
|d DE-21-31
|
| LOK |
|
|
|0 852
|a DE-21-31
|
| LOK |
|
|
|0 852 1
|c Einzelsignatur
|m p
|9 00
|
| LOK |
|
|
|0 938
|k p
|
| LOK |
|
|
|0 939
|a 07-07-92
|b l01
|
| LOK |
|
|
|0 000 xxxxxcx a22 zn 4500
|
| LOK |
|
|
|0 001 2481558642
|
| LOK |
|
|
|0 003 DE-627
|
| LOK |
|
|
|0 004 130221686
|
| LOK |
|
|
|0 005 20040601000000
|
| LOK |
|
|
|0 008 040601||||||||||||||||ger|||||||
|
| LOK |
|
|
|0 040
|a DE-21-62
|c DE-627
|d DE-21-62
|
| LOK |
|
|
|0 852
|a DE-21-62
|
| LOK |
|
|
|0 852 1
|m p
|9 00
|
| LOK |
|
|
|0 938
|k p
|
| LOK |
|
|
|0 939
|a 01-06-04
|b l01
|
| LOK |
|
|
|0 000 xxxxxcx a22 zn 4500
|
| LOK |
|
|
|0 001 2481558650
|
| LOK |
|
|
|0 003 DE-627
|
| LOK |
|
|
|0 004 130221686
|
| LOK |
|
|
|0 005 20010517000000
|
| LOK |
|
|
|0 008 970124||||||||||||||||ger|||||||
|
| LOK |
|
|
|0 040
|a DE-21-35
|c DE-627
|d DE-21-35
|
| LOK |
|
|
|0 852
|a DE-21-35
|
| LOK |
|
|
|0 852 1
|c Einzelsignatur
|m p
|9 00
|
| LOK |
|
|
|0 938
|k p
|
| LOK |
|
|
|0 939
|a 24-01-97
|b l01
|
| LOK |
|
|
|0 000 xxxxxcx a22 zn 4500
|
| LOK |
|
|
|0 001 2481558669
|
| LOK |
|
|
|0 003 DE-627
|
| LOK |
|
|
|0 004 130221686
|
| LOK |
|
|
|0 005 20010517000000
|
| LOK |
|
|
|0 008 971121||||||||||||||||ger|||||||
|
| LOK |
|
|
|0 040
|a DE-21-24
|c DE-627
|d DE-21-24
|
| LOK |
|
|
|0 852
|a DE-21-24
|
| LOK |
|
|
|0 852 1
|m p
|9 00
|
| LOK |
|
|
|0 938
|k p
|
| LOK |
|
|
|0 939
|a 21-11-97
|b l01
|
| LOK |
|
|
|0 000 xxxxxcx a22 zn 4500
|
| LOK |
|
|
|0 001 251235699X
|
| LOK |
|
|
|0 003 DE-627
|
| LOK |
|
|
|0 004 130221686
|
| LOK |
|
|
|0 005 20060718120224
|
| LOK |
|
|
|0 008 060718||||||||||||||||ger|||||||
|
| LOK |
|
|
|0 040
|a DE-21-43
|c DE-627
|d DE-21-43
|
| LOK |
|
|
|0 852
|a DE-21-43
|
| LOK |
|
|
|0 852 1
|m p
|9 00
|
| LOK |
|
|
|0 935
|a k043
|a j043
|a kneu
|
| LOK |
|
|
|0 938
|k p
|
| LOK |
|
|
|0 939
|a 18-07-06
|b l01
|
| LOK |
|
|
|0 000 xxxxxcx a22 zn 4500
|
| LOK |
|
|
|0 001 260003448X
|
| LOK |
|
|
|0 003 DE-627
|
| LOK |
|
|
|0 004 130221686
|
| LOK |
|
|
|0 005 20090507094633
|
| LOK |
|
|
|0 008 090507||||||||||||||||ger|||||||
|
| LOK |
|
|
|0 040
|a DE-21-32c
|c DE-627
|d DE-21-32c
|
| LOK |
|
|
|0 852
|a DE-21-32c
|
| LOK |
|
|
|0 852 1
|m p
|9 00
|
| LOK |
|
|
|0 935
|a k32c
|a i32c
|
| LOK |
|
|
|0 938
|k p
|
| LOK |
|
|
|0 939
|a 07-05-09
|b l01
|
| LOK |
|
|
|0 000 xxxxxcx a22 zn 4500
|
| LOK |
|
|
|0 001 2690608561
|
| LOK |
|
|
|0 003 DE-627
|
| LOK |
|
|
|0 004 130221686
|
| LOK |
|
|
|0 005 20110923111216
|
| LOK |
|
|
|0 008 110923||||||||||||||||ger|||||||
|
| LOK |
|
|
|0 040
|a DE-21-53
|c DE-627
|d DE-21-53
|
| LOK |
|
|
|0 852
|a DE-21-53
|
| LOK |
|
|
|0 852 1
|m p
|9 00
|
| LOK |
|
|
|0 935
|a i053
|a k053
|
| LOK |
|
|
|0 938
|k p
|
| LOK |
|
|
|0 939
|a 23-09-11
|b l01
|
| LOK |
|
|
|0 000 xxxxxcx a22 zn 4500
|
| LOK |
|
|
|0 001 2481559282
|
| LOK |
|
|
|0 003 DE-627
|
| LOK |
|
|
|0 004 130221686
|
| LOK |
|
|
|0 005 20050428000000
|
| LOK |
|
|
|0 008 050428||||||||||||||||ger|||||||
|
| LOK |
|
|
|0 040
|a DE-Frei85
|c DE-627
|d DE-Frei85
|
| LOK |
|
|
|0 852
|a DE-Frei85
|
| LOK |
|
|
|0 852 1
|m p
|9 00
|
| LOK |
|
|
|0 938
|k p
|
| LOK |
|
|
|0 939
|a 28-04-05
|b l01
|
| ORI |
|
|
|a SA-MARC-krimdokb001.raw
|
| SPR |
|
|
|a 1
|t KRI
|